[Event "Mauricie-ch"]
[Site "Trois Rivieres"]
[Date "1984.09.17"]
[Round "1.3"]
[White "Deschesnes, Jean"]
[Black "Greiss, Roger"]
[Result "1-0"]
[WhiteElo "1591"]
[BlackElo "1520"]
[PlyCount "39"]
[EventDate "1984.08.??"]
[EventType "k.o."]
[EventRounds "3"]
[EventCountry "CAN"]
[SourceTitle "EXT 2022"]
[Source "ChessBase"]
[SourceDate "2021.10.06"]
[SourceVersion "1"]
[SourceVersionDate "2021.10.06"]
[SourceQuality "1"]

1. d4 Nf6 2. c4 e6 3. g3 d5 4. Bg2 c6 5. Qc2 Nbd7 6. Nf3 Bd6 7. 0-0 0-0 8. c5 Bc7 9. b4 b6 10. cxb6 Bxb6 11. Qxc6 Ba6 12. Qc2 Rc8 13. Qb2 Re8 14. Bg5 e5 15. dxe5 Nxe5 16. Nxe5 Rxe5 17. Qxe5 Qd7 18. Bxf6 gxf6 19. Qxf6 Bxe2 20. Re1 1-0

[Event "Mauricie ch"]
[Site "Shawinigan"]
[Date "1976.04.04"]
[Round "5"]
[White "Grenier, Claude"]
[Black "Greiss, Roger"]
[Result "0-1"]
[WhiteElo "1403"]
[BlackElo "1260"]
[PlyCount "98"]
[EventDate "1976.04.03"]
[EventType "swiss"]
[EventRounds "5"]
[EventCountry "CAN"]
[SourceTitle "EXT 2022"]
[Source "ChessBase"]
[SourceDate "2021.10.06"]
[SourceVersion "1"]
[SourceVersionDate "2021.10.06"]
[SourceQuality "1"]

1. e4 c6 2. d4 d5 3. Nc3 g6 4. Be3 Nf6 5. Bd3 Bg7 6. h3 Qb6 7. Rb1 0-0 8. Nf3 dxe4 9. Nxe4 Nxe4 10. Bxe4 Qa5+ 11. Qd2 Qxa2 12. 0-0 Rd8 13. Ra1 Qe6 14. Bd3 b6 15. Rfe1 Qd5 16. Bf4 Bxh3 17. Be4 Qh5 18. Nh2 Rxd4 19. Qe3 Be6 20. Bxb8 Rxb8 21. Rxa7 Rbd8 22. c3 Rd1 23. Bf3 Rxe1+ 24. Qxe1 Qc5 25. Rc7 Rc8 26. Qd2 Rxc7 27. Qd8+ Bf8 28. Qxc7 Bd5 29. Bxd5 cxd5 30. Qxc5 bxc5 31. b4 cxb4 32. cxb4 e5 33. b5 Bc5 34. Kf1 Kf8 35. Ke2 Ke7 36. Nf3 f6 37. Nd2 Kd6 38. f3 d4 39. Kd3 Kd5 40. Nc4 f5 41. b6 e4+ 42. fxe4+ fxe4+ 43. Ke2 Kxc4 44. b7 Bd6 45. Kd2 Bf4+ 46. Ke2 d3+ 47. Ke1 Kc3 48. Kd1 e3 49. Ke1 Kc2 0-1

[Event "Trois-Rivieres op"]
[Site "Trois Rivieres"]
[Date "1976.03.14"]
[Round "5"]
[White "Picard, Bernard"]
[Black "Greiss, Roger"]
[Result "1-0"]
[WhiteElo "1416"]
[BlackElo "1182"]
[PlyCount "79"]
[EventDate "1976.03.12"]
[EventType "swiss"]
[EventRounds "5"]
[EventCountry "CAN"]
[SourceTitle "EXT 2022"]
[Source "ChessBase"]
[SourceDate "2021.10.06"]
[SourceVersion "1"]
[SourceVersionDate "2021.10.06"]
[SourceQuality "1"]

1. e4 d5 2. exd5 Nf6 3. d4 Nxd5 4. Nf3 Nc6 5. c4 Nb6 6. Nc3 Bg4 7. Be2 g6 8. Be3 Bg7 9. d5 Bxf3 10. Bxf3 Ne5 11. Bxb6 Nxf3+ 12. Qxf3 axb6 13. 0-0 0-0 14. a3 Qd6 15. Rfe1 Rab8 16. Ne4 Qe5 17. Nc5 Qd6 18. Nd3 Qd7 19. Re2 Rfe8 20. Rae1 Bf6 21. Ne5 Qa4 22. b3 Qa5 23. Nd7 Bc3 24. b4 Qxa3 25. Re3 Qxb4 26. Rxc3 Ra8 27. Rce3 Kg7 28. Ne5 f6 29. Nd3 Qd6 30. Nf4 Kf7 31. Re6 Qb4 32. Qh3 Kg7 33. R6e4 f5 34. Ne6+ Kg8 35. Qh6 Qc3 36. R4e3 Ra1 37. Kf1 Qxc4+ 38. R3e2 Rxe1+ 39. Kxe1 Qc3+ 40. Kf1 1-0

[Event "Trois-Rivieres Elimination 1/8 final"]
[Site "Trois Rivieres"]
[Date "1976.02.16"]
[Round "1"]
[White "Gelinas, Renaud"]
[Black "Greiss, Roger"]
[Result "1-0"]
[WhiteElo "1568"]
[BlackElo "1227"]
[PlyCount "57"]
[EventDate "1976.01.28"]
[EventType "swiss"]
[EventRounds "4"]
[EventCountry "CAN"]
[SourceTitle "EXT 2022"]
[Source "ChessBase"]
[SourceDate "2021.10.06"]
[SourceVersion "1"]
[SourceVersionDate "2021.10.06"]
[SourceQuality "1"]

1. e4 d5 2. exd5 Nf6 3. d4 Nxd5 4. c4 Nf6 5. Nc3 e6 6. Nf3 c5 7. Bf4 cxd4 8. Nb5 Bb4+ 9. Bd2 Bc5 10. b4 Bb6 11. Bf4 Nh5 12. Be5 Nc6 13. c5 Nxe5 14. Nd6+ Kf8 15. Nxe5 Bxc5 16. bxc5 Qa5+ 17. Qd2 Qxd2+ 18. Kxd2 f6 19. Nec4 Ke7 20. Rb1 Rb8 21. g3 Bd7 22. Bg2 Bc6 23. Bxc6 bxc6 24. Na5 e5 25. Rxb8 Rxb8 26. Nxc6+ Kd7 27. Nxb8+ Kc7 28. Rb1 Kd8 29. Rb7 1-0